Statistics for UFC Champions

Click here to take the quiz!

General Stats

  • This quiz has been taken 330 times
    (213 since last reset)
  • The average score is 42 of 79

Answer Stats

Answer% Correct
Light Heavy WeightJon Jones
93%
Light WeightConor McGregor
87%
Feather WeightConor McGregor
87%
Light Heavy WeightDaniel Cormier
85%
Heavy WeightDaniel Cormier
85%
Feather WeightJosé Aldo
82%
Middle WeightAnderson Silva
80%
Fly WeightDemetrious Johnson
79%
Welter WeightGeorges St. Pierre
77%
Middle WeightGeorges St. Pierre
77%
Female Bantam WeightRonda Rousey
77%
Heavy WeightStipe Miocic
77%
Female Feather WeightAmanda Nunes
74%
Female Bantam WeightAmanda Nunes
74%
Fly WeightHenry Cejudo
73%
Welter WeightKamaru Usman
71%
Middle WeightMichael Bisping
71%
Feather WeightMax Holloway
70%
Female Bantam WeightHolly Holm
69%
Welter WeightTyron Woodley
69%
Bantam WeightDominick Cruz
66%
Light WeightEddie Alvarez
66%
Bantam WeightT. J. Dillashaw
66%
Heavy WeightBrock Lesnar
65%
Light WeightB. J. Penn
63%
Welter WeightB. J. Penn
63%
Light WeightKhabib Nurmagomedov
63%
Middle WeightChris Weidman
61%
Bantam WeightCody Garbrandt
60%
Middle WeightLuke Rockhold
60%
Welter WeightRobbie Lawler
59%
Heavy WeightCain Velasquez
58%
Welter WeightMatt Hughes
58%
Middle WeightRobert Whittaker
57%
Straw WeightJoanna Jedrzejczyk
56%
Welter WeightMatt Serra
56%
Heavy WeightRandy Couture
56%
Light Heavy WeightRandy Couture
56%
Heavy WeightJunior dos Santos
55%
Light Heavy WeightChuck Liddell
54%
Heavy WeightFrank Mir
54%
Straw WeightRose Namajunas
53%
Female Feather WeightCristiane Justino
52%
Light Heavy WeightMauricio Rua
52%
Female Bantam WeightMiesha Tate
52%
Light Heavy WeightTito Ortiz
52%
Heavy WeightFabricio Werdum
51%
Female Fly WeightValentina Shevchenko
51%
Light WeightRafael dos Anjos
50%
Light Heavy WeightQuinton Jackson
49%
Light WeightAnthony Pettis
48%
Light Heavy WeightLyoto Machida
48%
Light WeightBen Henderson
44%
Light Heavy WeightForrest Griffin
44%
Welter WeightJohny Hendricks
44%
Light Heavy WeightRashad Evans
44%
Light Heavy WeightFrank Shamrock
43%
Bantam WeightRenan Barão
43%
Light WeightFrank Edgar
42%
Light Heavy WeightVitor Belfort
40%
Heavy WeightTim Sylvia
39%
Heavy WeightMark Coleman
38%
Middle WeightRich Franklin
36%
Heavy WeightAndrei Arlovski
34%
Straw WeightCarla Esparza
34%
Light WeightJens Pulver
32%
Welter WeightCarlos Newton
31%
Light WeightSean Sherk
30%
Heavy WeightBas Rutten
29%
Heavy WeightKevin Randleman
26%
Heavy WeightMaurice Smith
26%
Female Feather WeightGermaine de Randamie
25%
Welter WeightPat Miletich
25%
Middle WeightEvan Tanner
23%
Heavy WeightJosh Barnett
21%
Heavy WeightRicco Rodriguez
20%
Middle WeightMurilo Bustamante
18%
Female Fly WeightNicco Montaño
18%
Middle WeightDave Menne
15%

Score Distribution

Percentile by Number Answered

Percent of People with Each Score

Your Score History

You have not taken this quiz since the last reset